[Event "IND-chT (Women) 21st"]
[Site "Dharamshala"]
[Date "2024.03.29"]
[Round "1.2"]
[White "Gomes, Mary Ann"]
[Black "Verma, Cheryl"]
[Result "1-0"]
[WhiteElo "2322"]
[BlackElo "1517"]
[PlyCount "107"]
[EventDate "2024.03.29"]
[EventType "team-swiss"]
[EventRounds "7"]
[EventCountry "IND"]
[SourceTitle "CB15_2024"]
[SourceDate "2024.04.10"]
[SourceVersion "1"]
[SourceVersionDate "2024.04.10"]
[SourceQuality "1"]
[WhiteTeam "Petroleum Sports PB (W)"]
[BlackTeam "Himachal Pradesh (W)"]
[WhiteTeamCountry "IND"]
[BlackTeamCountry "IND"]

1. Nf3 d5 2. c4 Nf6 3. g3 Bf5 4. cxd5 Qxd5 5. Nc3 Qd7 6. Ne5 Qe6 7. d4 Nbd7 8. Bg2 Qb6 9. Nc4 Qa6 10. Ne3 Bg6 11. Ned5 Rc8 12. Bf4 e5 13. dxe5 Nxd5 14. Qxd5 c6 15. Qd2 Rd8 16. Bg5 f6 17. exf6 Nxf6 18. Qe3+ Be7 19. 0-0 Qb6 20. Rad1 Qxe3 21. Bxe3 a6 22. Rxd8+ Bxd8 23. Bh3 b5 24. Bg2 b4 25. Bxc6+ Kf8 26. Na4 Be4 27. Bxe4 Nxe4 28. f3 Nd6 29. Bc5 Bc7 30. Bxb4 a5 31. Rc1 axb4 32. Rxc7 Ke8 33. Nc5 Rf8 34. Rxg7 Rf5 35. Nd3 Rb5 36. Rxh7 b3 37. axb3 Rxb3 38. h4 Nc4 39. h5 Nxb2 40. Nxb2 Rxb2 41. h6 Kf8 42. Kf2 Kg8 43. Rg7+ Kh8 44. Rg6 Kh7 45. Re6 Rb5 46. g4 Rb1 47. g5 Rh1 48. f4 Rh3 49. Kg2 Rc3 50. f5 Rc5 51. Re7+ Kh8 52. g6 Rc8 53. f6 Rg8 54. Rh7# 1-0

[Event "Chennai AICF (Women)"]
[Site "Chennai"]
[Date "2024.03.18"]
[Round "1"]
[White "Gomes, Mary Ann"]
[Black "Franco Valencia, Angela Maria"]
[Result "1-0"]
[WhiteElo "2322"]
[BlackElo "2095"]
[PlyCount "59"]
[EventDate "2024.03.18"]
[EventType "tourn"]
[EventRounds "11"]
[EventCountry "IND"]
[SourceTitle "CB13_2024"]
[SourceDate "2024.03.27"]
[SourceVersion "1"]
[SourceVersionDate "2024.03.27"]
[SourceQuality "1"]

1. Nf3 d5 2. b3 Nf6 3. Bb2 Bf5 4. g3 e6 5. Bg2 h6 6. d3 Bb4+ 7. Nbd2 Nbd7 8. 0-0 0-0 9. h3 Bh7 10. a3 Be7 11. Qe1 c5 12. e4 b5 13. Qe2 a5 14. a4 bxa4 15. Rxa4 Nb6 16. Ra2 a4 17. Rfa1 axb3 18. Rxa8 Nxa8 19. Nxb3 dxe4 20. Ne5 exd3 21. cxd3 Qb6 22. Na5 Nc7 23. Nac4 Qb5 24. Nc6 Re8 25. Ra7 Ncd5 26. Bxd5 Nxd5 27. Nxe7+ Rxe7 28. Ra8+ Re8 29. Nd6 Nc3 30. Qe5 1-0

[Event "Prague op 22nd"]
[Site "Prague"]
[Date "2024.01.10"]
[Round "7"]
[White "Gomes, Mary Ann"]
[Black "Ye, Fan"]
[Result "1-0"]
[WhiteElo "2332"]
[BlackElo "1660"]
[PlyCount "97"]
[EventDate "2024.01.05"]
[EventType "swiss"]
[EventRounds "9"]
[EventCountry "CZE"]
[SourceTitle "CB03_2024"]
[SourceDate "2024.01.17"]
[SourceVersion "1"]
[SourceVersionDate "2024.01.17"]
[SourceQuality "1"]

1. Nf3 d5 2. g3 Nf6 3. Bg2 g6 4. b3 c5 5. Bb2 Bg7 6. 0-0 0-0 7. e3 Nc6 8. Qe2 a5 9. Ne5 Nxe5 10. Bxe5 a4 11. Nc3 axb3 12. axb3 Rxa1 13. Rxa1 Bf5 14. d3 Qd7 15. Ra7 Be6 16. Na4 Qc8 17. c4 Rd8 18. Qf1 Qc6 19. Qa1 h5 20. Ra5 h4 21. Rxc5 Qa6 22. cxd5 h3 23. dxe6 hxg2 24. exf7+ Kxf7 25. Rc1 Qxd3 26. Nc5 Qe2 27. Re1 Qh5 28. Bxf6 Bxf6 29. Qc1 Rd5 30. Nxb7 Kg7 31. Kxg2 Rb5 32. Qc6 Rxb3 33. Nd8 Qa5 34. Rd1 Rb6 35. Qc4 Qf5 36. Rd5 Qb1 37. Rd2 Qe1 38. Qf7+ Kh6 39. Qf8+ Kh7 40. Qf7+ Kh6 41. Qd5 Rb1 42. Qd3 Qh1+ 43. Kh3 Rb4 44. f4 Qf3 45. Nf7+ Kg7 46. Ng5 Qb7 47. Qd5 Qc8+ 48. Kg2 Qc1 49. Qf7+ 1-0

[Event "FIDE World Cup (Women)"]
[Site "Baku"]
[Date "2023.08.04"]
[Round "2.3"]
[White "Gomes, Mary Ann"]
[Black "Lagno, Kateryna"]
[Result "1/2-1/2"]
[WhiteElo "2326"]
[BlackElo "2552"]
[PlyCount "117"]
[EventDate "2023.07.30"]
[EventType "k.o."]
[EventRounds "7"]
[EventCountry "AZE"]
[SourceTitle "EXT 2024"]
[Source "ChessBase"]
[SourceDate "2023.10.10"]
[SourceVersion "1"]
[SourceVersionDate "2023.10.10"]
[SourceQuality "1"]

1. Nf3 d5 2. e3 Nf6 3. c4 e6 4. Nc3 c5 5. cxd5 exd5 6. d4 Nc6 7. Bb5 cxd4 8. Nxd4 Bd7 9. 0-0 Bd6 10. h3 0-0 11. Be2 Re8 12. Ndb5 Be5 13. Nxd5 Nxd5 14. Qxd5 a6 15. Rd1 Be6 16. Qf3 Qb6 17. Nc3 Rad8 18. Bd2 Qxb2 19. Rab1 Qa3 20. Rxb7 Na5 21. Rbb1 Bxc3 22. e4 Rxd2 23. Rxd2 Nc6 24. Rb3 Qc1+ 25. Rd1 Nd4 26. Rxc1 Nxf3+ 27. Bxf3 Bxb3 28. axb3 Bb4 29. Be2 a5 30. f3 g6 31. Rc7 Re7 32. Rc8+ Kg7 33. Bc4 f5 34. exf5 gxf5 35. f4 Bd2 36. g3 h5 37. Rd8 Be3+ 38. Kg2 h4 39. Rd5 hxg3 40. Kxg3 Kf6 41. Bd3 Bd2 42. Rxf5+ Kg7 43. Rd5 Rf7 44. f5 Kf6 45. Bc4 Bb4 46. Rb5 Rg7+ 47. Kf4 Bd2+ 48. Ke4 Re7+ 49. Be6 Rh7 50. Rd5 Rh4+ 51. Kf3 Be1 52. Kg2 a4 53. bxa4 Rxa4 54. Rd1 Bh4 55. Kf3 Ra3+ 56. Kg4 Ra4+ 57. Kf3 Ra3+ 58. Kg4 Ra4+ 59. Kf3 1/2-1/2

[Event "IND-ch (Women) 49th"]
[Site "Ahmedabad"]
[Date "2023.07.06"]
[Round "7"]
[White "Gomes, Mary Ann"]
[Black "Bommini, Mounika Akshaya"]
[Result "1-0"]
[WhiteElo "2326"]
[BlackElo "2094"]
[PlyCount "113"]
[EventDate "2023.06.30"]
[EventType "swiss"]
[EventRounds "11"]
[EventCountry "IND"]
[SourceTitle "CBM 215 Extra"]
[Source "ChessBase"]
[SourceDate "2023.09.30"]
[SourceVersion "1"]
[SourceVersionDate "2023.09.30"]
[SourceQuality "1"]

1. Nf3 d5 2. g3 Nd7 3. c4 dxc4 4. Na3 a6 5. Bg2 e5 6. Qc2 Ngf6 7. Nxc4 Bc5 8. 0-0 Qe7 9. e3 0-0 10. d4 Bd6 11. dxe5 Nxe5 12. Nfxe5 Bxe5 13. Nxe5 Qxe5 14. e4 c6 15. Bf4 Qh5 16. f3 Be6 17. Bd6 Rfe8 18. a4 Rad8 19. Rfd1 Rd7 20. b4 a5 21. g4 Qg6 22. bxa5 Nxg4 23. fxg4 Bxg4 24. Qd3 Bxd1 25. Rxd1 Ra8 26. a6 Rxa6 27. Qh3 Rd8 28. Rd4 Rb6 29. Bb4 Qg5 30. Qc3 Ra6 31. a5 Raa8 32. h3 h6 33. e5 Rxd4 34. Qxd4 Qf5 35. Kh2 Qe6 36. Bf3 Re8 37. Bc3 Qg6 38. Be4 Qg5 39. Bc2 Re6 40. h4 Qe7 41. Qe4 g6 42. Bb3 Rf6 43. Qg2 Qa3 44. exf6 Qxb3 45. Qd2 Kh7 46. h5 Qe6 47. hxg6+ fxg6 48. Qf4 Qe2+ 49. Kg1 Qd1+ 50. Kf2 Qc2+ 51. Bd2 Qf5 52. Qxf5 gxf5 53. Ke3 Kg6 54. Kd4 Kxf6 55. Kc5 h5 56. Bf4 Ke6 57. Kb6 1-0

[Event "Asian Continental (Women) op 20th"]
[Site "Almaty"]
[Date "2023.06.07"]
[Round "5"]
[White "Gomes, Mary Ann"]
[Black "Khamdamova, Afruza"]
[Result "1-0"]
[WhiteElo "2315"]
[BlackElo "2260"]
[PlyCount "99"]
[EventDate "2023.06.04"]
[EventType "swiss"]
[EventRounds "9"]
[EventCountry "KAZ"]
[SourceTitle "CBM 214 Extra"]
[Source "ChessBase"]
[SourceDate "2023.07.31"]
[SourceVersion "1"]
[SourceVersionDate "2023.07.31"]
[SourceQuality "1"]

1. Nf3 Nf6 2. g3 d5 3. Bg2 e6 4. b3 Be7 5. Bb2 c5 6. 0-0 0-0 7. c4 d4 8. e3 Nc6 9. exd4 cxd4 10. Re1 Re8 11. a3 a5 12. d3 Bc5 13. Ne5 Nxe5 14. Rxe5 Nd7 15. Re2 Nf6 16. Qe1 Qb6 17. Nd2 Bd7 18. Rb1 Bc6 19. Bxc6 bxc6 20. Nf3 Red8 21. Bc1 h6 22. b4 axb4 23. axb4 Bf8 24. b5 Nd7 25. Ne5 cxb5 26. Rxb5 Qc7 27. Bf4 Nxe5 28. Bxe5 Qa7 29. Reb2 Qa3 30. Qe4 Qc3 31. Kg2 Ra1 32. Rb1 Ra2 33. Rb8 Qc2 34. Bxd4 Rxb8 35. Rxb8 Ra5 36. c5 Qa4 37. Be5 Qxe4+ 38. dxe4 Rxc5 39. Bd6 Rc4 40. Rxf8+ Kh7 41. Rxf7 Rxe4 42. f4 Kg8 43. Re7 g5 44. Be5 Re2+ 45. Kg1 gxf4 46. gxf4 h5 47. Rxe6 Kh7 48. f5 Ra2 49. Re8 Kh6 50. Bf6 1-0

[Event "Asian Continental blitz (Women) op 20th"]
[Site "Almaty"]
[Date "2023.06.03"]
[Round "4"]
[White "Gomes, Mary Ann"]
[Black "Serikbay, Assel"]
[Result "0-1"]
[WhiteElo "2336"]
[BlackElo "2144"]
[PlyCount "74"]
[EventDate "2023.06.03"]
[EventType "swiss (blitz)"]
[EventRounds "9"]
[EventCountry "KAZ"]
[SourceTitle "CBM 214 Extra"]
[Source "ChessBase"]
[SourceDate "2023.07.31"]
[SourceVersion "1"]
[SourceVersionDate "2023.07.31"]
[SourceQuality "1"]

1. Nf3 d5 2. g3 Nf6 3. Bg2 c5 4. c4 e6 5. 0-0 Nc6 6. b3 Be7 7. e3 0-0 8. Bb2 d4 9. exd4 cxd4 10. Re1 d3 11. a3 a5 12. Nc3 Bc5 13. Na4 Ba7 14. c5 Nd7 15. Rc1 Qe7 16. Nh4 Nxc5 17. Bxg7 Rd8 18. Nxc5 Bxc5 19. Qg4 e5 20. Qc4 Bxf2+ 21. Kxf2 Kxg7 22. Kg1 Be6 23. Qe4 Rd4 24. Nf5+ Bxf5 25. Qxf5 Qf6 26. Qh5 Rc8 27. Rf1 Qg6 28. Qf3 Rd6 29. b4 Nd4 30. Qxb7 Ne2+ 31. Kh1 Rxc1 32. Rxc1 Nxc1 33. bxa5 Ne2 34. Be4 Qf6 35. Kg2 Qg5 36. Qc7 Rf6 37. h4 Qxg3+ 0-1

[Event "Asian Continental blitz (Women) op 20th"]
[Site "Almaty"]
[Date "2023.06.03"]
[Round "3"]
[White "Gong, Qianyun"]
[Black "Gomes, Mary Ann"]
[Result "1-0"]
[WhiteElo "2247"]
[BlackElo "2336"]
[PlyCount "39"]
[EventDate "2023.06.03"]
[EventType "swiss (blitz)"]
[EventRounds "9"]
[EventCountry "KAZ"]
[SourceTitle "CBM 214 Extra"]
[Source "ChessBase"]
[SourceDate "2023.07.31"]
[SourceVersion "1"]
[SourceVersionDate "2023.07.31"]
[SourceQuality "1"]

1. e4 c5 2. Nf3 d6 3. d4 cxd4 4. Qxd4 a6 5. c4 e5 6. Qd2 Nf6 7. Nc3 Nc6 8. h3 Be7 9. Be2 0-0 10. b3 Rb8 11. a4 Qb6 12. 0-0 Nd4 13. Nxd4 exd4 14. Nd5 Nxd5 15. cxd5 Qxb3 16. Bb2 Bf6 17. Bxd4 Bxd4 18. Qxd4 Re8 19. Bd3 Bd7 20. Rfb1 1-0

[Event "IND-ch Rapid 32nd"]
[Site "Pune"]
[Date "2023.03.11"]
[Round "4"]
[White "Lalith, Babu MR"]
[Black "Gomes, Mary Ann"]
[Result "0-1"]
[WhiteElo "2544"]
[BlackElo "2336"]
[PlyCount "112"]
[EventDate "2023.03.11"]
[EventType "swiss (rapid)"]
[EventRounds "9"]
[EventCountry "IND"]
[SourceTitle "CBM 213 Extra"]
[Source "ChessBase"]
[SourceDate "2023.05.31"]
[SourceVersion "1"]
[SourceVersionDate "2023.05.31"]
[SourceQuality "1"]

1. d4 Nf6 2. c4 c5 3. d5 e6 4. Nc3 exd5 5. cxd5 g6 6. e4 d6 7. h3 Bg7 8. Bd3 0-0 9. Nf3 a6 10. a4 Re8 11. 0-0 Nbd7 12. Bf4 Qc7 13. Rc1 b6 14. Bh2 Nh5 15. Re1 Bh6 16. Rc2 Nf4 17. Bf1 f6 18. g3 Nh5 19. Nd2 Ne5 20. f4 Nf7 21. Qf3 Bf8 22. Nc4 Bd7 23. Ne3 Qb7 24. Rb1 b5 25. b4 c4 26. a5 Qa7 27. Kh1 f5 28. g4 fxe4 29. Nxe4 Qd4 30. Bg2 Nf6 31. Nxf6+ Qxf6 32. Rd1 Ng5 33. Qe2 Ne4 34. g5 Qe7 35. Re1 Bg7 36. Qf1 Nc3 37. Rcc1 Qf7 38. f5 gxf5 39. Bxd6 Ne4 40. Bf4 Bc3 41. Rxc3 Nxc3 42. h4 Ne4 43. Qf3 c3 44. h5 Rac8 45. Nc2 Nd2 46. Rxe8+ Bxe8 47. Qe3 Qxh5+ 48. Kg1 Bf7 49. Qd3 Qd1+ 50. Kh2 Nf3+ 51. Qxf3 Qxc2 52. d6 Rd8 53. g6 hxg6 54. Bg5 Rxd6 55. Qa8+ Kg7 56. Be7 Bd5 0-1

[Event "IND-chT (Women)"]
[Site "Pollachi"]
[Date "2023.02.12"]
[Round "3.1"]
[White "Gomes, Mary Ann"]
[Black "Arpita, Mukherjee"]
[Result "1/2-1/2"]
[WhiteElo "2334"]
[BlackElo "2185"]
[PlyCount "97"]
[EventDate "2023.02.10"]
[EventType "team-swiss"]
[EventRounds "7"]
[EventCountry "IND"]
[SourceTitle "CBM 212 Extra"]
[Source "ChessBase"]
[SourceDate "2023.03.31"]
[SourceVersion "1"]
[SourceVersionDate "2023.03.31"]
[SourceQuality "1"]
[WhiteTeam "PSPB (W)"]
[BlackTeam "AAI (W)"]
[WhiteTeamCountry "IND"]
[BlackTeamCountry "IND"]

1. Nf3 d5 2. g3 g6 3. Bg2 Bg7 4. d4 Nf6 5. 0-0 c6 6. c4 0-0 7. b3 Bf5 8. Bb2 a5 9. Nc3 Ne4 10. Nh4 Nxc3 11. Bxc3 Be6 12. Qd3 Na6 13. cxd5 cxd5 14. Qd2 b6 15. f4 Nc7 16. f5 Bc8 17. a4 Ba6 18. Rf2 Ne8 19. fxg6 hxg6 20. Nf3 Nf6 21. Ne5 Rc8 22. Raf1 Qc7 23. Ba1 Qc2 24. Qe3 Ne4 25. Bxe4 Qxe4 26. Qf4 Qxf4 27. gxf4 Rc2 28. f5 gxf5 29. Rxf5 Rxe2 30. R5f2 Rc8 31. Kg2 Rcc2 32. Rxe2 Rxe2+ 33. Rf2 Re3 34. Rf3 Re1 35. Bc3 Rb1 36. Nxf7 Rxb3 37. Ne5 Bxe5 38. dxe5 d4 39. Rg3+ Kf7 40. Bxd4 Rxg3+ 41. Kxg3 b5 42. axb5 Bxb5 43. Bc5 e6 44. Kf4 Kg6 45. h4 a4 46. Bd6 Bc4 47. Bc5 Bb3 48. Bd6 Bc4 49. Bc5 1/2-1/2

[Event "IND-ch (Women) 48th"]
[Site "Hatkanangale"]
[Date "2023.01.01"]
[Round "7"]
[White "Gomes, Mary Ann"]
[Black "Soumya, Swaminathan"]
[Result "1-0"]
[WhiteElo "2320"]
[BlackElo "2322"]
[PlyCount "105"]
[EventDate "2022.12.26"]
[EventType "swiss"]
[EventRounds "11"]
[EventCountry "IND"]
[SourceTitle "CBM 212 Extra"]
[Source "ChessBase"]
[SourceDate "2023.03.31"]
[SourceVersion "1"]
[SourceVersionDate "2023.03.31"]
[SourceQuality "1"]

1. Nf3 d5 2. g3 Nf6 3. c4 d4 4. Bg2 Nc6 5. d3 e5 6. 0-0 a5 7. e3 Bc5 8. exd4 Bxd4 9. Nxd4 Nxd4 10. Nc3 0-0 11. h3 Bf5 12. f4 exf4 13. Bxf4 Ne6 14. Be5 Qxd3 15. Bxf6 gxf6 16. Nd5 Kh8 17. Qh5 Bg6 18. Qh4 Qd4+ 19. Qxd4 Nxd4 20. Rad1 Nc2 21. Rf2 Rad8 22. Rfd2 c6 23. Nxf6 Rxd2 24. Rxd2 Ne3 25. b3 Kg7 26. Ng4 Nxg2 27. Kxg2 Re8 28. Kf2 Bf5 29. Ne3 Bxh3 30. g4 h5 31. Nf5+ Kg6 32. Nd6 Re7 33. gxh5+ Kxh5 34. Kg3 Be6 35. Kf4 f6 36. Re2 Kg6 37. c5 f5 38. Nxb7 Rxb7 39. Rxe6+ Kf7 40. Rxc6 a4 41. Rb6 Re7 42. Kxf5 Re2 43. Ra6 axb3 44. axb3 Ke7 45. b4 Kd7 46. b5 Rc2 47. c6+ Kd6 48. Rb6 Kc7 49. Rb7+ Kc8 50. Ke6 Rd2 51. Rh7 Rb2 52. Kd6 Rd2+ 53. Kc5 1-0

[Event "IND-ch (Women) 48th"]
[Site "Hatkanangale"]
[Date "2022.12.27"]
[Round "2"]
[White "Mitali, Madhukar Patil"]
[Black "Gomes, Mary Ann"]
[Result "0-1"]
[WhiteElo "1877"]
[BlackElo "2320"]
[PlyCount "76"]
[EventDate "2022.12.26"]
[EventType "swiss"]
[EventRounds "11"]
[EventCountry "IND"]
[SourceTitle "CBM 212 Extra"]
[Source "ChessBase"]
[SourceDate "2023.03.31"]
[SourceVersion "1"]
[SourceVersionDate "2023.03.31"]
[SourceQuality "1"]

1. e4 c5 2. Nc3 a6 3. g3 Nc6 4. Bg2 g6 5. Nh3 Bg7 6. 0-0 d6 7. d3 Nf6 8. f4 h5 9. Ng5 h4 10. f5 hxg3 11. hxg3 Ne5 12. fxg6 fxg6 13. Nd5 Rh5 14. c3 c4 15. d4 Nd3 16. Nf4 Rxg5 17. Nxd3 Rxg3 18. Nf4 Nxe4 19. Nxg6 Qa5 20. Qe2 Rxg6 21. Qxe4 Qh5 22. Bd2 d5 23. Qf4 Bh3 24. Rf2 0-0-0 25. Raf1 Bh6 26. Qh2 Rdg8 27. Bxh6 Rxg2+ 28. Rxg2 Rxg2+ 29. Qxg2 Bxg2 30. Rf8+ Kd7 31. Kxg2 Qxh6 32. Rf2 b5 33. a3 a5 34. Re2 b4 35. axb4 axb4 36. Rf2 Qe3 37. Rf3 Qd2+ 38. Rf2 bxc3 0-1

[Event "Asian Continental Blitz op (Women) 19th"]
[Site "Delhi"]
[Date "2022.11.03"]
[Round "6"]
[White "Gomes, Mary Ann"]
[Black "Vantika, Agrawal"]
[Result "1-0"]
[WhiteElo "2324"]
[BlackElo "2362"]
[PlyCount "83"]
[EventDate "2022.11.03"]
[EventType "swiss (blitz)"]
[EventRounds "9"]
[EventCountry "IND"]
[SourceTitle "EXT 2024"]
[Source "ChessBase"]
[SourceDate "2023.10.10"]
[SourceVersion "1"]
[SourceVersionDate "2023.10.10"]
[SourceQuality "1"]

1. Nf3 Nf6 2. g3 g6 3. b3 Bg7 4. Bb2 0-0 5. Bg2 d6 6. c4 e5 7. d3 Re8 8. 0-0 Nc6 9. Nbd2 e4 10. dxe4 Nxe4 11. Bxg7 Kxg7 12. Nxe4 Rxe4 13. Qc2 Re8 14. e4 Bg4 15. Nd2 Nd4 16. Qb2 Qf6 17. Kh1 c5 18. f3 Bd7 19. f4 Bc6 20. Rae1 h5 21. b4 a6 22. bxc5 dxc5 23. Nb3 h4 24. Nxd4 cxd4 25. e5 Bxg2+ 26. Qxg2 Qe6 27. gxh4 Qf5 28. h5 Qxh5 29. f5 Kg8 30. e6 fxe6 31. fxg6 Rf8 32. Rxe6 d3 33. Ree1 Rxf1+ 34. Rxf1 Rd8 35. Qxb7 Qxg6 36. Rg1 Qxg1+ 37. Kxg1 d2 38. Qg2+ Kh8 39. Qh3+ Kg7 40. Qg4+ Kf6 41. Qh4+ Ke6 42. Qxd8 1-0

[Event "Asian Continental Blitz op (Women) 19th"]
[Site "Delhi"]
[Date "2022.11.03"]
[Round "9"]
[White "Sahajasri, Cholleti"]
[Black "Gomes, Mary Ann"]
[Result "0-1"]
[WhiteElo "2246"]
[BlackElo "2324"]
[PlyCount "66"]
[EventDate "2022.11.03"]
[EventType "swiss (blitz)"]
[EventRounds "9"]
[EventCountry "IND"]
[SourceTitle "EXT 2024"]
[Source "ChessBase"]
[SourceDate "2023.10.10"]
[SourceVersion "1"]
[SourceVersionDate "2023.10.10"]
[SourceQuality "1"]

1. d4 Nf6 2. c4 e6 3. Nc3 Bb4 4. a3 Bxc3+ 5. bxc3 b6 6. f3 Bb7 7. e4 d6 8. Bd3 Nbd7 9. Ne2 Qe7 10. 0-0 0-0 11. Ng3 c5 12. f4 cxd4 13. cxd4 g6 14. e5 Ne8 15. Qg4 f5 16. exf6 Ndxf6 17. Qh3 Ng7 18. Re1 Rae8 19. f5 gxf5 20. Nxf5 Nxf5 21. Bxf5 Kh8 22. Rxe6 Qf7 23. Rxe8 Rxe8 24. Bg5 Ne4 25. Bxe4 Bxe4 26. Rf1 Qg6 27. Qd7 Bd3 28. Rf6 Re1+ 29. Kf2 Rf1+ 30. Ke3 Qe4+ 31. Kd2 Qe2+ 32. Kc3 Qc2+ 33. Kb4 Qxc4# 0-1

[Event "Asian Continental op (Women) 19th"]
[Site "Delhi"]
[Date "2022.11.02"]
[Round "8"]
[White "Padmini, Rout"]
[Black "Gomes, Mary Ann"]
[Result "1-0"]
[WhiteElo "2390"]
[BlackElo "2324"]
[PlyCount "79"]
[EventDate "2022.10.26"]
[EventType "swiss"]
[EventRounds "9"]
[EventCountry "IND"]
[SourceTitle "EXT 2024"]
[Source "ChessBase"]
[SourceDate "2023.10.10"]
[SourceVersion "1"]
[SourceVersionDate "2023.10.10"]
[SourceQuality "1"]

1. e4 c5 2. Nf3 e6 3. d4 cxd4 4. Nxd4 a6 5. Bd3 Qc7 6. 0-0 Nf6 7. Qe2 d6 8. f4 Nbd7 9. c4 Be7 10. Nc3 0-0 11. Bd2 b6 12. Rae1 Bb7 13. f5 e5 14. Nb3 Nc5 15. Nxc5 dxc5 16. g4 h6 17. h4 Nh7 18. g5 hxg5 19. hxg5 Nxg5 20. Kg2 Rfd8 21. Rh1 Rd6 22. Nd5 Bxd5 23. cxd5 Rh6 24. Bxa6 b5 25. Bxb5 Rxa2 26. Bc1 Ra8 27. Rh5 Qd8 28. Reh1 Rb8 29. Bc4 Rbb6 30. Qg4 Qa8 31. Bxg5 Rxb2+ 32. Kf3 Bxg5 33. Qxg5 Rxh5 34. Rxh5 Qa3+ 35. Qe3 Qb4 36. Bd3 Rb3 37. Kg4 Qa3 38. Qh3 Kf8 39. d6 Ke8 40. Bb5+ 1-0